000 00891nam a2200253Ia 4500
003 OSt
005 20221005104520.0
006 a|||||r|||| 00| 0
007 ta
008 221004b |||||||| |||| 00| 0 hin d
020 _a8189537229 (hbk)
_c295
024 _a98242
037 _b425, 24/03/2009, Swaraj Prakashan
_cTextual
040 _aCRL
_cCRL
_bhin
041 _2hin
_ahin
082 _aO152(Y11):g, P8
100 _aदेवसरे, हरिकृष्ण
245 0 _aबालसाहित्य के सरोकार
246 _aBālasāhitya ke sarokāra
260 _aदिल्ली
_bयश पब्लिकेशन्स भारत
_c2008
300 _a210पृ0
_ccm.
942 _hO152(Y11):g, P8
_cTEXL
_2cc
999 _c1012943
_d1012943